000
00324 a2200157 4500
001
58508
020
_a
040
_c
Anchieta - Pituba
100
_a
Marchetti, Antônio
240
1
0
_a
Baleiro, balas
_l
por
245
1
0
_a
Baleiro, balas
300
_a
156
362
0
_a
1988
650
4
_a
Ficção brasileira
942
_c
BK
999
_c
58508
_d
58508